Un pavo real en el reino de los pingüinos fábula sobre los riesgos y posibilidades de ser diferente en el mundo empresarial (Registro nro. 41214)

Detalles MARC
000 -ENCABEZADO
Número de control [NR] 01334nam a2200313Ia 4500
008 - DE LONGITUD FIJA DE DATOS DE ELEMENTOS - INFORMACIÓN GENERAL
Elementos de longitud fija [NR] 130821s1995 ck a gr spa
020 ## - NUMERO INTERNACIONAL NORMALIZADO PARA LIBROS [R]
Número Internacional Normalizado del libro [NR] 958046854
020 ## - NUMERO INTERNACIONAL NORMALIZADO PARA LIBROS [R]
Número Internacional Normalizado del libro [NR] 9580468540
020 ## - NUMERO INTERNACIONAL NORMALIZADO PARA LIBROS [R]
Número Internacional Normalizado del libro [NR] 9789580468547
040 ## - FUENTE DE CATALOGACION [NR]
Quien Cataloga
Quien Clasifica Aldemar Mondragón
Idioma de catalogación [NR] spa
041 00 - CODIGO DE IDIOMA [R]
Código de idioma para texto/pista de sonido o título separado [R] Español
100 1# - ASIENTO PRINCIPAL--NOMBRE PERSONAL [NR]
Nombre personal [NR] Hateley, Barbara "BJ"
ID Autoridad 29407
245 13 - MENCION DE TITULO [NR]
Título [NR] Un pavo real en el reino de los pingüinos fábula sobre los riesgos y posibilidades de ser diferente en el mundo empresarial
Mención de responsabilidad, etc. [NR] Barbara "BJ" Hateley y Warren H. Schmitdt ; traducción de Beatriz Caballero y María del Mar Ravassa
260 ## - PUBLICACION, DISTRIBUCION, ETC. (PIE DE IMPRENTA) [R]
Lugar de publicación, distribución, etc. [R] Bogotá (Colombia)
Nombre del editor, distribuidor, etc. [R] Grupo Editorial Norma
Fecha de publicación, distribución, etc. [R] 1995, 2011
300 ## - DESCRIPCION FISICA [R]
Extensión [R] 132 páginas
Otros detalles físicos [NR] ilustraciones
650 ## - ASIENTO SECUNDARIO DE MATERIA - TERMINO TEMATICO [R]
Término temático o nombre geográfico como elemento de entrada [NR] Administración de empresas
650 #7 - ASIENTO SECUNDARIO DE MATERIA - TERMINO TEMATICO [R]
Término temático o nombre geográfico como elemento de entrada [NR] Cambio organizacional
9 (RLIN) 7360
650 #7 - ASIENTO SECUNDARIO DE MATERIA - TERMINO TEMATICO [R]
Término temático o nombre geográfico como elemento de entrada [NR] Cultura corporativa
9 (RLIN) 12394
650 #7 - ASIENTO SECUNDARIO DE MATERIA - TERMINO TEMATICO [R]
Término temático o nombre geográfico como elemento de entrada [NR] Éxito en los negocios
9 (RLIN) 15417
650 #7 - ASIENTO SECUNDARIO DE MATERIA - TERMINO TEMATICO [R]
Término temático o nombre geográfico como elemento de entrada [NR] Liderazgo
9 (RLIN) 18533
650 #7 - ASIENTO SECUNDARIO DE MATERIA - TERMINO TEMATICO [R]
Término temático o nombre geográfico como elemento de entrada [NR] Toma de decisiones en administración
9 (RLIN) 25506
700 1# - ASIENTO SECUNDARIO - NOMBRE PERSONAL [R]
Nombre personal [NR] Caballero, Beatriz
Término de relación [R] traductor
9 (RLIN) 29410
700 1# - ASIENTO SECUNDARIO - NOMBRE PERSONAL [R]
Nombre personal [NR] Ravassa, María del Mar
Término de relación [R] traductor
9 (RLIN) 29411
700 1# - ASIENTO SECUNDARIO - NOMBRE PERSONAL [R]
Nombre personal [NR] Schmidt, Warren H.
9 (RLIN) 29408
700 1# - ASIENTO SECUNDARIO - NOMBRE PERSONAL [R]
Nombre personal [NR] Weiss, Sam
9 (RLIN) 29409
Término de relación [R] ilustrador
765 ## - ASIENTO DE IDIOMA ORIGINAL [R]
Título [NR] A peacock in the land of penguins : a tale of diversity and discovery.
942 ## - ELEMENTOS DE ENTRADA AGREGADOS (KOHA)
Tipo de ítem principal el descrito en 300a Libro
Tema principal Administración
Edición 1
Parte restante de la signatura top. H17u
Sistema de clasificación DEWEY
Clasificación 658.4092
Título oculto en OPAC No
Existencias
Fecha de último préstamo Total préstamos Signatura topográfica Código de barras Última vez visto Ejemplar Price effective from Tipo de ítem Perdido Sistema de clasificación Dañado No prestable Tipo de ítem específico Suprimido Ubicación habitual Ubicación actual Localización Fecha de creación Forma de adquisición Costo Total Renewals
07/02/2020 12 658.4092 H361u 100103634 04/12/2025 Ej.1 03/02/2013 Libro   DEWEY     Libro   Claustro Claustro 4to piso 28/02/2010 Compra 35000.00 4
04/12/2024 5 658.4092 H361u 100131497 11/12/2025 Ej.5 03/02/2013 Libro   DEWEY     Libro   Sede del emprendimiento y la innovación Fundación Cardioinfantil 1er piso 28/02/2013 Compra 35100.00  
20/01/2025 5 658.4092 H361u 100131498 11/12/2025 Ej.4 03/02/2013 Libro   DEWEY     Libro   Sede del emprendimiento y la innovación Sede del Emprendimiento, Innovación y Creación 1er piso 28/02/2013 Compra 35100.00 6